000 00683nam a22002417a 4500
003 DO-SdBNP
005 20221103105323.0
007 ta
008 221103b2019 dr ||||| |||| 00| 0 spa d
020 _a9789945580778
040 _aDO-SdBNP
_bspa
_cBNPHU
082 4 _222
100 1 _aVargas, Elizabeth
_982679
245 1 0 _aGeometría II /
_cElizabeth Vargas, Luis Núñez ; editor Lennys Tejada Betancourt
260 _aSanto Domingo :
_bUAPA,
_c2019.
300 _a220 p. ;
_c27 cm.
490 1 _aAutoaprendizaje
_v17
590 _aInventariado, 2022/BT
700 _aNúñez, Luis
_982680
830 _aAutoaprendizaje
_n17
_982681
910 _aBtavárez
942 _2ddc
_cLBS1
999 _c52767
_d52767